ՀՀ Գիտությունների ազգային ակադեմիայի հիմնարար գիտական գրադարան  =   Fundamental Scientific Library of NAS RA

Сыновья : (Record no. 476393)

MARC details
000 -LEADER
fixed length control field 00903nam a2200229 a 4500
001 - CONTROL NUMBER
control field 000509508
003 - CONTROL NUMBER IDENTIFIER
control field AM-YeHGA
005 - DATE AND TIME OF LATEST TRANSACTION
control field 20250617161728.0
008 - FIXED-LENGTH DATA ELEMENTS--GENERAL INFORMATION
fixed length control field 061118s1950 ru r 000 1 rus d
040 ## - CATALOGING SOURCE
Original cataloging agency AM-YeHGA
041 1# - LANGUAGE CODE
Language code of text/sound track or separate title rus
Language code of original ger
090 ## - LOCALLY ASSIGNED LC-TYPE CALL NUMBER (OCLC); LOCAL CALL NUMBER (RLIN)
-- 479684
100 1# - MAIN ENTRY--PERSONAL NAME
Personal name Бредель, Вилли
Dates associated with a name 1901-1964
245 10 - TITLE STATEMENT
Title Сыновья :
Remainder of title Роман. Вторая книга трилогии "Родные и знакомые" /
Statement of responsibility, etc. В. Бредель; Пер. с нем. И. Горкиной и Р. Розенталь; Пред. И. Фрадкина; Ред. З. Потапова.
260 ## - PUBLICATION, DISTRIBUTION, ETC.
Place of publication, distribution, etc. Москва :
Name of publisher, distributor, etc. Изд-во иностр. лит.,
Date of publication, distribution, etc. 1950.
300 ## - PHYSICAL DESCRIPTION
Extent 363 с.
650 14 - SUBJECT ADDED ENTRY--TOPICAL TERM
Topical term or geographic name entry element Немецкая литература
General subdivision Роман
700 1# - ADDED ENTRY--PERSONAL NAME
Personal name Горкина, И
Relationship trl
700 1# - ADDED ENTRY--PERSONAL NAME
Personal name Розенталь, И
Relationship trl
700 1# - ADDED ENTRY--PERSONAL NAME
Personal name Фрадкин, И
700 1# - ADDED ENTRY--PERSONAL NAME
Personal name Потапова, З
Holdings
Withdrawn status Lost status Source of classification or shelving scheme Damaged status Not for loan Collection Home library Current library Date acquired Total checkouts Full call number Barcode Date last seen Price effective from Koha item type Public note
    Universal Decimal Classification     General Fundamental Scientific Library Fundamental Scientific Library 08/10/2018   РД II/8869 FL0524612 08/10/2018 08/10/2018 Գրքեր / Books 30 Days Loan
    Universal Decimal Classification     General Fundamental Scientific Library Fundamental Scientific Library 09/10/2018   РД II/8889 FL0524169 09/10/2018 09/10/2018 Գրքեր / Books 30 Days Loan


ՀՀ ԳԱԱ հիմնարար գիտական գրադարան
ՀՀ,Երևան 0019
Մարշալ Բաղրամյան 24/6
հեռախոս:(374-10) 52-47-50
Հետադարձ կապ

All site content, except where otherwise noted, is licensed under a
Creative Commons License